000 00890nam a22002297a 4500
999 _c1365
_d1365
003 AR-CdUCM
008 190226b ||||| |||| 00| 0 spa d
040 _aMUNICIPALIDAD PROVINCIAL DEL CUSCO
_cBIBLIOTECA MUNICIPAL DEL CUSCO
041 _heng
082 _a370.7 /
_bB85
100 _aBruner, Jerome S.
_95219
245 _aEl proceso de la educación /
260 _aMéxico :
_bUnión Tipográfica Editorial Hispano Americana (UTEHA),
_c1960.
300 _aXVI, 149 páginas ;
_c17 cm.
440 _aEducación
_n: 17
_95220
505 _aContenido: Importancia de la estructura -- Disposición para aprender -- Pensamiento intuitivo y analítico -- Motivos para aprender -- Ayudas para la enseñanza.
650 _aEducación
_9460
650 _aProcesos de educación
_95221
700 _aPalomar, Carlos (Traductor)
_95222
942 _2ddc
_cLIBROS
945 _alccs
_d2019-02-26